000 00274nam a2200121Ia 4500
008 220204s9999 xx 000 0 und d
082 _a07.01
_bPRA
100 _aPramila Mehra
245 0 _aBeauty care
250 _aEd.3
260 _aDelhi
_bHind Pocket
_c1979
942 _cBK
999 _c38447
_d38447